Statistics for Californian Geography on a Map

Click here to take the quiz!

General Stats

  • This quiz has been taken 630 times
  • The average score is 17 of 37

Answers on the Map

Answers color-coded by a green-red scale on the quiz's map according to % correct below.
Loading ...
 

Answer Stats

groupAnswer% Correct
CitiesLos Angeles
99%
CitiesSan Francisco
98%
CitiesSan Diego
98%
CitiesSacramento
94%
RiversSacramento River
88%
CitiesSan Jose
83%
National ParksYosemite
78%
CitiesFresno
67%
Mtn. RangesSierra Nevadas
65%
LakesLake Tahoe
64%
CitiesSanta Barbara
60%
National ParksDeath Valley
58%
CitiesBakersfield
54%
National ParksJoshua Tree
53%
CitiesEureka
49%
National ParksRedwood
47%
Mtn. RangesCascades
47%
Mtn. PeaksMount Whitney
44%
RiversColorado River
44%
National ParksSequoia
40%
CitiesRedding
39%
IslandsSanta Catalina
38%
National ParksChannel Islands
32%
Mtn. PeaksMount Shasta
32%
LakesSalton Sea
31%
Mtn. RangesSanta Monicas
21%
National ParksLassen Volcanic
20%
RiversMonterey River
19%
National ParksKings Canyon
19%
RiversSan Joaquin River
14%
National ParksPinnacles
14%
RiversKlamath River
13%
LakesMono Lake
12%
IslandsSan Clemente
9%
Mtn. PeaksSan Jacinto Peak
8%
LakesClear Lake
7%
LakesGoose Lake
6%

Score Distribution

Percentile by Number Answered

Percent of People with Each Score

Your Score History

You have not taken this quiz